Nickelodeon Character Jobs Quiz Stats

 Plays Quiz not verified by Sporcle

Challenge
Share
Tweet
Embed
Score 0/20 Timer 06:00
0 Plays Today
Character Job % Correct
Spongebob SquarepantsFry Cook
84.1%
Squidward TenticlesCashier
72.2%
Stu PicklesInventor
64.5%
Nigel ThornberryTV Show Host
36.2%
Ralph BigheadCartoon Creator
31.8%
Rancid RabbitEverything
30%
Lois FoutleyNurse
29.3%
Ernie PottsConstruction Worker
27.3%
Bob PatakiBeeper Salesman
25.6%
Conroy BlancSkate Park Operator
24.6%
Character Job % Correct
Didi PicklesTeacher
23.8%
Marty GreenButcher
23.6%
Marianne ThornberryCamera Operator
22.3%
Paula HutchisonDoctor
19.6%
Phil FunniePhotographer
16.1%
RockoComic Book Store Clerk
15.1%
Oskar KokashkaUnemployed
14.9%
Drew PicklesAccountant
10.9%
Kenan RockmoreGrocery Boy
7.4%
Stu BenedictBus Driver
2.2%

You're not logged in!

Compare scores with friends on all Sporcle quizzes.
OR
Log In

You Might Also Like...

Show Comments

Extras

Top Quizzes Today


Score Distribution

Your Account Isn't Verified!

In order to create a playlist on Sporcle, you need to verify the email address you used during registration. Go to your Sporcle Settings to finish the process.

Report this User

Report this user for behavior that violates our Community Guidelines.

Details: